Most Beautiful Countries By Picture - Statistics

General Stats
  • This quiz has been taken 89 times
  • The average score is 13 of 20
Answer Stats
Picture Hint Answer % Correct
#20 Japan
90%
#8 Greece
88%
#3 Canada
87%
#12 Iceland
82%
#2 Italy
79%
#4 Switzerland
77%
#17 Indonesia
72%
#6 Norway
72%
#1 New Zealand
67%
#13 Argentina
60%
#14 Croatia
59%
#18 Portugal
56%
#16 India
55%
#7 Madagascar
55%
#5 Mexico
55%
#11 Chile
54%
#9 South Africa
54%
#10 Morocco
53%
#19 Slovenia
47%
#15 Costa Rica
13%
No matching quizzes found
Score Distribution
Percent of People with Each Score
Percentile by Number Answered
Your Score History
You have not taken this quiz